Monarcas do Brasil Colonial - Statistics

Estatísticas Gerais
  • Esse quiz foi jogado 21 vezes
  • A pontuação média é 8 de 14
Estatísticas das Respostas
Período Rei % Correto
1521–1557 D. João III
94%
1640–1656 D. João IV
94%
1706–1750 D. João V
94%
1816–1822 D. João VI
94%
1683–1706 D. Pedro II
89%
1500–1521 D. Manuel I
56%
1750–1777 D. José
50%
1578–1580 D. Henrique
44%
1777–1816 D. Maria I
44%
1656–1683 D. Afonso VI
39%
1557–1578 D. Sebastião
33%
1580–1598 Filipe I
28%
1598–1621 Filipe II
28%
1621–1640 Filipe III
28%
Nenhum quiz correspondente encontrado
Distribuição das Pontuações
Porcentagem de Pessoas com Cada Pontuação
Percentil de Números Respondidos
Sua Pontuação Histórica
Você não jogou esse quiz